Statistics for best animated 80's - 90's tv shows (nickelodeon)

Click here to take the quiz!

General Stats

  • This quiz has been taken 36 times
  • The average score is 6 of 8

Answer Stats

HintAnswer% Correct
babysrugrats
100%
half cat, half dog, great tv showcatdog
94%
sponge with pet snailspongebob squarepants
94%
football head with pet pighey arnold
74%
not so happy beaversangry beavers
71%
wallaby with a cow friend
and a big headed neighbor
rocko's modern life
58%
dangerous mousedanger mouse
42%
three monsters that...... idk
there just monsters
AAAHH real monster
26%

Score Distribution

Percentile by Number Answered

Percent of People with Each Score

Your Score History

You have not taken this quiz